| 000 | 00816pam a2200265 a 4500 | ||
|---|---|---|---|
| 001 | 1406951 | ||
| 003 | CEME | ||
| 005 | 20210628201553.0 | ||
| 008 | 830927s1984 nyua 001 0 eng | ||
| 010 | _a 83020934 | ||
| 020 | _a082477048X | ||
| 040 |
_aDLC _cDLC _dDLC |
||
| 050 | 0 | 0 |
_aTJ843 _b.H44 1984 |
| 082 | 0 | 0 |
_a621.2/0288 _219 |
| 100 | 1 |
_aHehn, Anton H. _955877 |
|
| 245 | 1 | 0 |
_aFluid power troubleshooting / _cAnton H. Hehn. |
| 260 |
_aNew York : _bMARCEL Dekker, _c2014 |
||
| 300 |
_axv, 506 p. : _bill. ; _c24 cm. |
||
| 440 | 0 |
_aFluid power and control ; _v3 _955878 |
|
| 500 | _aIncludes index. | ||
| 650 | 0 |
_aFluid power technology. _955879 |
|
| 650 | 0 |
_aOil hydraulic machinery _xMaintenance and repair. _955880 |
|
| 650 | 0 |
_aPneumatic machinery _xMaintenance and repair. _955881 |
|
| 942 |
_2ddc _cBK |
||
| 999 |
_c566511 _d566511 |
||